000 00532nam a2200217Ia 4500
005 20241129115933.0
008 241129s9999||||xx |||||||||||||| ||und||
020 _a9781349960156
037 _aTB
040 _aSDCL
_beng
_cSDCL
041 _aeng
_2eng
084 _aQ7:(L), R0
_qSDCL
100 _aAlavi Seema
245 0 _aIslam and healing
260 _aNew York
_bPalgrave
_c2020
300 _a1,384p
365 _aINR
_b1895
650 _aReference
942 _cTB
_hQ7:(L), R0
999 _c1232657
_d1232657